Improvement of Overhauling process of Outer Casing of Turbojet Engine by Improving the TIG welding parameters and changing of NDT Technique (Record no. 529096)

000 -LEADER
fixed length control field 00625nam a22001697a 4500
082 ## - DEWEY DECIMAL CLASSIFICATION NUMBER
Classification number 670.5
100 ## - MAIN ENTRY--PERSONAL NAME
Personal name Bari, Atif
245 ## - TITLE STATEMENT
Title Improvement of Overhauling process of Outer Casing of Turbojet Engine by Improving the TIG welding parameters and changing of NDT Technique
Statement of responsibility, etc. Atif Bari.
260 ## - PUBLICATION, DISTRIBUTION, ETC.
Place of publication, distribution, etc. Islamabad:
Name of publisher, distributor, etc. SMME - NUST,
Date of publication, distribution, etc. 2016.
300 ## - PHYSICAL DESCRIPTION
Extent 84 p.: ill.;
Dimensions 30cm.
650 ## - SUBJECT ADDED ENTRY--TOPICAL TERM
Topical term or geographic name entry element MS-Thesis.
700 ## - ADDED ENTRY--PERSONAL NAME
Personal name Dr. Shahid Ikramullah Butt
856 ## - Uniform Resource Identifier
Uniform Resource Identifier <a href="http://10.250.8.41:8080/xmlui/handle/123456789/10696">http://10.250.8.41:8080/xmlui/handle/123456789/10696</a>
942 ## - ADDED ENTRY ELEMENTS (KOHA)
Source of classification or shelving scheme
Koha item type Thesis
650 ## - SUBJECT ADDED ENTRY--TOPICAL TERM
-- 18721
700 ## - ADDED ENTRY--PERSONAL NAME
-- 16240
Holdings
Withdrawn status Lost status Source of classification or shelving scheme Damaged status Not for loan Permanent Location Current Location Shelving location Date acquired Full call number Barcode Date last seen Price effective from Non-public note Koha item type
          Central Library (CL) Central Library (CL) Thesis 09/19/2019 670.5 CL-T-1552 09/19/2019 09/19/2019 Minute Sheet No. 0929/02/CL/Survey/5 dated 23rd April 2024 E-MIN ID 114741 Thesis
© 2023 Central Library, National University of Sciences and Technology. All Rights Reserved.